1179 1854 1921 1433 1767 1260 1244 1613 1083 1816 1686 1832 1104 1404 1000 1277 1572 1211 1690 1513 1607 1635 1176 1471 1762 1275 1176 1357 1507 1069 1298 1687 1478 1363 1543 1624 1650 1000 1507 1086 1758 1716 1468 1214 1834 1482 1631 1001 1068 1276 1241 1761 1158 1718 1233 1935 1166 1925 1723 1610 1423 1689 1261 1163 1054 1942 1340 1186 1464 1164 1709 1689 1750 1510 1753 1028 1211 1230 1407 1803 1835 1757 1446 1674 1848 1607 1938 1431 1909 1158 1060 1838 1905 1745 1463 1774 1292 1472 1474 BCNSPRNW ULIB Ver.6.0+V

เปลี่ยนเป็นภาษาไทย

Change to English
 แสดงรายละเอียดบรรณานุกรม
  กลับหน้าหลัก

Brief Record : Get Marc (ISO 2709) : E-mail record : QR code < ปิดหน้าต่าง
LEADER : 00000nam 2200000uu 4500
001    13399114544
003     ULIB
008    120412s2550||||th 000 0 tha d
020    ^a9749479408
090    ^aนว.^bก478ผ 2550
100 0  ^aLittle Mermaid
245 00 ^aแผนรักรสเบเกอรี่ Bakery of love/^cLittle Mermaid
250    ^aพิมพ์ครั้งที่ 1
260    ^aกรุงเทพฯ :^bอมรินทร์ บุ๊ค เซ็นเตอร์,^c2550
300    ^a238 หน้า
945    ^p149^l0^i14063
995    ^aกัณชพร
999    ^aใช้งานได้ทุกระบบ
รายการนี้ยังไม่มีแท็ก
คุณยังไม่ได้ล็อกอิน คุณสามารถมีกิจกรรมร่วมกับเว็บไซต์ได้ แต่ต้องล็อกอินก่อน ::
  ล็อกอิน

รายการสื่อสารสนเทศ

ลำดับที่ ประเภท เลขเรียก/บาร์โค้ด สถานที่ สถานะ
1. นวนิยาย
นวนิยาย
นว. ก478ผ 2550  
  Barcode: 14063
ห้องสมุดวิทยาเขตสวรรค์ประชารักษ์
►นวนิยาย
บนชั้น
  ขอยืม

BibComment


ยังไม่เคยถูกคอมเมนท์

คอมเมนท์ทรัพยากรรายการนี้
  คอมเมนท์: แผนรักรสเบเกอรี่..


 Copyright 2026. Bcnsprnw @Library